[Event "It (cat.4)"]
[Site "masterchessopen.com Bajmok (Yugoslavia)"]
[Round "5"]
[White "Rajkovic Dusan (SRB)"]
[Black "Petre Nad-Titus (ROM)"]
[Result "0-1"]
[WhiteElo "2518"]
[BlackElo "2298"]

1.d4 Nf6 2.c4 e6 3.Nc3 Bb4 4.e3 b6 5.Ne2 Bb7 6.a3 Be7 7.d5 O-O 8.e4 Re8 9.f3
d6 10.dxe6 fxe6 11.Nf4 e5 12.Nfd5 c5 13.Bd3 Nc6 14.O-O Nd4 15.f4 Qd7 16.b4
Bxd5 17.exd5 e4 18.Bxe4 Nxe4 19.Nxe4 Bh4 20.Nc3 Bf6 21.Ra2 cxb4 22.axb4 Rac8
23.Qd3 b5 24.Ne4 Rxc4 25.Nxf6+ gxf6 26.f5 Qc7 27.Be3 Nc2 28.Bh6 Nxb4 29.Qg3+
Kh8 30.Rd2 a5 31.h3 Rg8 32.Qe1 Rh4 33.Bf4 Rxh3 34.g3 Qc3 35.Bxd6 Nc2 36.Qf2
Ne3 37.Re1 Ng4 38.Qd4 Rxg3+ 39.Bxg3 Qxg3+ 40.Kf1 Qf3+ {#R} 0-1

[Event "It (cat.2)"]
[Site "masterchessopen.com Budapest (Hungary)"]
[Round "8"]
[White "Dub Zeev (ISR)"]
[Black "Wang Shuai (CHN)"]
[Result "1-0"]
[WhiteElo "2261"]
[BlackElo "2411"]

1.d4 Nf6 2.c4 e6 3.Nc3 Bb4 4.e3 b6 5.Ne2 Bb7 6.a3 Bxc3+ 7.Nxc3 O-O 8.f3 d6
9.Bd3 c5 10.dxc5 dxc5 11.O-O Nc6 12.Qe2 Qe7 13.e4 Na5 14.Qf2 Rfd8 15.Rd1 Nb3
16.Rb1 Nxc1 17.Rbxc1 Rd7 18.Bc2 a6 19.Qh4 Rad8 20.e5 Rxd1+ 21.Rxd1 Rxd1+
22.Nxd1 Qd8 23.exf6 Qd4+ 24.Qxd4 cxd4 25.fxg7 {#r} 1-0

[Event "Ch Europe (juniors) (under 16) (g)"]
[Site "masterchessopen.com Chalkidiki (Greece)"]
[Round "7"]
[White "Motoc Alina (ROM)"]
[Black "Meshcheriakova Evgenia (RUS)"]
[Result "0-1"]
[WhiteElo "2223"]
[BlackElo "2191"]

1.d4 Nf6 2.c4 e6 3.Nc3 Bb4 4.e3 b6 5.Ne2 Bb7 6.a3 Be7 7.d5 d6 8.e4 a6 9.g3 b5
10.cxb5 axb5 11.dxe6 O-O 12.Nd4 Nxe4 13.Nxe4 Bxe4 14.f3 Bd5 15.Bh3 Bf6
16.exf7+ Rxf7 17.O-O c6 18.Nf5 Na6 19.Ne3 Qb6 20.Kh1 Nc7 21.Nf5 c5 22.Rf2 Qc6
23.Bg4 Ne6 24.Be3 Bxb2 25.Nxd6 Bxa1 26.Nxf7 Bf6 27.Bxe6 Bxe6 28.Ng5 Rxa3
29.Qd2 Ra2 30.Qd3 Bxg5 31.Rxa2 Qxf3+ 32.Rg2 Bd5 {#R} 0-1

[Event "Ch Netherlands (open)"]
[Site "masterchessopen.com Dieren (Netherlands)"]
[Round "3"]
[White "Van Den Bersselaar Jeroen (NED)"]
[Black "Vink Nico (NED)"]
[Result "0-1"]
[WhiteElo "2136"]
[BlackElo "2302"]

1.d4 Nf6 2.c4 e6 3.Nc3 Bb4 4.e3 b6 5.Ne2 Bb7 6.a3 Be7 7.Nf4 O-O 8.Bd3 c5 9.O-O
d6 10.b3 Nbd7 11.Bb2 Re8 12.Bc2 Nf8 13.Nh5 Ng6 14.f4 Nh4 15.d5 Nxh5 16.Qxh5 g6
17.Qe2 Bf6 18.Rad1 exd5 19.cxd5 Bd4 20.Rxd4 cxd4 21.Nd1 Qc8 22.e4 f5 23.Qf2
fxe4 24.Qxd4 Qc5 {#R} 0-1

[Event "Ch England (team) 2000/01"]
[Site "masterchessopen.com England"]
[Round "10"]
[White "Shikerov Stefan (BUL)"]
[Black "Ward Christopher (ENG)"]
[Result "1-0"]
[WhiteElo "2298"]
[BlackElo "2486"]

1.d4 Nf6 2.c4 e6 3.Nc3 Bb4 4.e3 b6 5.Ne2 Ne4 6.Qc2 Bb7 7.a3 Bxc3+ 8.Nxc3 Nxc3
9.Qxc3 O-O 10.Bd3 Qg5 11.Bd2 Qxg2 12.O-O-O Qxh1 13.Rxh1 Bxh1 14.Qc2 f5 15.d5
Na6 16.b4 Rae8 17.Bc3 Nb8 18.Qd1 Be4 19.Be2 d6 20.f3 exd5 21.fxe4 dxe4 22.c5
bxc5 23.Bc4+ Kh8 24.Qg1 Re5 25.Bxe5 dxe5 26.Qg5 Rf6 27.bxc5 Nd7 28.Qg2 Nxc5
29.Qb2 Nd7 30.Qb7 Rf8 31.Qxc7 Nb6 32.Be6 f4 33.Qxa7 f3 34.Qxb6 f2 35.Bh3 f1=Q+
36.Bxf1 Rxf1+ 37.Kc2 {#r} 1-0

[Event "Ch England (team) 2000/01 (2 div)"]
[Site "masterchessopen.com England"]
[Round "5"]
[White "Merriman John (ENG)"]
[Black "Taylor Robert Keith (ENG)"]
[Result "1-0"]
[WhiteElo "2252"]
[BlackElo "2211"]

1.d4 Nf6 2.c4 e6 3.Nc3 Bb4 4.e3 b6 5.Ne2 Ne4 6.Bd2 Bxc3 7.Nxc3 Nxd2 8.Qxd2 Bb7
9.d5 d6 10.Be2 Nd7 11.O-O e5 12.f4 Ba6 13.Rf3 Qe7 14.f5 g5 15.f6 Nxf6 16.Raf1
Nd7 17.Ne4 Rg8 18.Qc2 g4 19.R3f2 O-O-O 20.c5 Nxc5 21.Rxf7 Qe8 22.Nxc5 Bxe2
23.Ne6 Rd7 24.Rxd7 Qxd7 {#r} 1-0

[Event "Ch England (team) 2001/02"]
[Site "masterchessopen.com England"]
[Round "1"]
[White "Berry Neil (SCO)"]
[Black "Crouch Colin S (ENG)"]
[Result "0-1"]
[WhiteElo "2255"]
[BlackElo "2375"]

1.d4 Nf6 2.c4 e6 3.Nc3 Bb4 4.e3 b6 5.Ne2 Bb7 6.a3 Bxc3+ 7.Nxc3 Ne4 8.Qc2 f5
9.b4 O-O 10.Bb2 Qg5 11.O-O-O a5 12.b5 d6 13.h4 Qh6 14.Kb1 Nd7 15.Rh3 Rac8
16.f3 Nxc3+ 17.Qxc3 c6 18.bxc6 Bxc6 19.Qb3 b5 20.d5 bxc4 21.Bxc4 Ba4 22.Qxa4
Nb6 23.Qb3 Nxc4 24.Ka2 a4 25.Qd3 Nxb2 26.Kxb2 Rb8+ 27.Ka2 Rb3 28.Qd4 Rfb8
29.Rd2 e5 30.Qxa4 Qxe3 31.Rc2 Qd3 {#R} 0-1

[Event "It (open)"]
[Site "masterchessopen.com Gelsenkirchen (Germany)"]
[Round "2"]
[White "Machelett Heiko (GER)"]
[Black "Hilmer Frank (GER)"]
[Result "1-0"]
[WhiteElo "2389"]
[BlackElo "2216"]

1.d4 Nf6 2.c4 e6 3.Nc3 Bb4 4.e3 b6 5.Ne2 Ne4 6.Qc2 Bb7 7.a3 Bxc3+ 8.Nxc3 f5
9.Bd3 Nxc3 10.Qxc3 Bxg2 11.Rg1 Be4 12.Bxe4 fxe4 13.Rxg7 Qf6 14.Rg4 Qf3 15.Rf4
Qh1+ 16.Kd2 Rf8 17.Rxf8+ Kxf8 18.d5 Kf7 19.Qe5 Na6 20.Qf4+ Ke7 21.Qh4+ Kd6
22.b4 Qf3 23.dxe6 Kxe6 24.Qh6+ Qf6 25.Qxf6+ Kxf6 26.Bb2+ Ke6 27.Rg1 Rf8 28.Ke2
c6 29.Rg5 d5 30.Rh5 Rf7 31.Rh6+ Kd7 32.Be5 dxc4 33.Rd6+ Ke7 34.Rxc6 Rf5 35.Bf4
c3 36.Rxc3 Ke6 37.Rc4 Kd5 38.Rd4+ Ke6 39.Rxe4+ Kd5 40.Re7 {#r} 1-0

[Event "It (a)"]
[Site "masterchessopen.com Helsinki (Finland)"]
[Round "6"]
[White "Pirttimaki Timo (FIN)"]
[Black "Nyysti Sampsa (FIN)"]
[Result "0-1"]
[WhiteElo "2246"]
[BlackElo "2215"]

1.d4 Nf6 2.c4 e6 3.Nc3 Bb4 4.e3 b6 5.Ne2 c5 6.a3 Ba5 7.Bd2 Ba6 8.b3 Nc6 9.Nf4
Bxc3 10.Bxc3 cxd4 11.exd4 Ne4 12.Bb2 d5 13.Qc2 Bb7 14.cxd5 exd5 15.Ba6 Na5
16.Bxb7 Nxb7 17.Qc6+ Qd7 18.Qxd5 Qxd5 19.Nxd5 Kd7 20.f3 Ned6 21.Rb1 Na5 22.Bc3
Nc6 23.a4 Nf5 24.Kf2 Kd6 25.Nf4 Rac8 26.Rhd1 Rhe8 27.Rd3 a5 28.Re1 Nb4
29.Bxb4+ axb4 30.Rxe8 Rxe8 31.g4 Ne7 32.Nh5 Rc8 33.Nxg7 Rc2+ {#R} 0-1

[Event "It (open)"]
[Site "masterchessopen.com Hyeres (France)"]
[Round "4"]
[White "Hallerod Ralph (SWE)"]
[Black "Guadalpi David (FRA)"]
[Result "0-1"]
[WhiteElo "2105"]
[BlackElo "2315"]

1.d4 Nf6 2.c4 e6 3.Nc3 Bb4 4.e3 b6 5.Ne2 Ne4 6.Qc2 Bb7 7.f3 Bxc3+ 8.bxc3 Nd6
9.Ng3 f5 10.Ba3 Qg5 11.Kf2 Nc6 12.c5 bxc5 13.Bxc5 O-O 14.Rb1 Rab8 15.Bd3 Ne7
16.Bxa7 Ra8 17.Bc5 Bc6 18.Rb2 Qh4 19.Rhb1 f4 20.exf4 Rxf4 21.Rb8+ Rf8 22.R8b2
Bxf3 23.Kg1 Bd5 24.Qe2 Ng6 25.Bxd6 cxd6 26.Be4 Nf4 27.Qc2 Rac8 28.Bxd5 Nxd5
29.Qa4 Nxc3 30.Qxd7 Qxd4+ 31.Kh1 Nxb1 32.Qxe6+ Kh8 33.Rxb1 Qb2 34.Rd1 Qd2
35.Qg4 Rc1 {#R} 0-1

[Event "Ch Spain (juniors)"]
[Site "masterchessopen.com La Algaba (Spain)"]
[Round "7"]
[White "Moreno Alejandro (ESP)"]
[Black "Sanchez Martin Vanessa (ESP)"]
[Result "1-0"]
[WhiteElo "2283"]
[BlackElo "2117"]

1.d4 e6 2.c4 Nf6 3.Nc3 Bb4 4.e3 b6 5.Ne2 Ne4 6.Bd2 Nxd2 7.Qxd2 O-O 8.a3 Be7
9.d5 e5 10.g3 d6 11.Bg2 Nd7 12.O-O h5 13.f4 h4 14.Rae1 a5 15.b3 Ba6 16.a4 Re8
17.g4 Bf8 18.Ne4 Nf6 19.Nxf6+ Qxf6 20.Nc3 h3 21.Bf3 Qh4 22.Qf2 Be7 23.g5 Qxf2+
24.Rxf2 g6 25.Bg4 Bc8 26.Bxc8 Raxc8 27.Ne4 Kg7 28.fxe5 dxe5 29.Ref1 Rf8 30.Rf3
Rcd8 31.Rxh3 Rh8 32.Kg2 Rxh3 33.Kxh3 Rh8+ 34.Kg3 Rd8 35.h4 Rh8 36.Kg4 Rd8
37.Rh1 Rh8 38.h5 gxh5+ 39.Rxh5 Rf8 40.Kf5 {#r} 1-0

[Event "It (cat.3)"]
[Site "masterchessopen.com Le Touquet (France)"]
[Round "8"]
[White "Mancini Mario (FRA)"]
[Black "Flament Francois (FRA)"]
[Result "1-0"]
[WhiteElo "2291"]
[BlackElo "2098"]

1.d4 Nf6 2.c4 e6 3.Nc3 Bb4 4.e3 b6 5.Ne2 Ne4 6.Qc2 Bb7 7.a3 Bxc3+ 8.Nxc3 Nxc3
9.Qxc3 O-O 10.b4 d6 11.Bb2 f5 12.d5 e5 13.Be2 Nd7 14.O-O Qe7 15.f4 Rae8 16.Bh5
Rd8 17.Bf3 Rde8 18.Rfe1 Kh8 19.a4 Ra8 20.a5 Qf6 21.Qc2 Qf7 22.a6 Bc8 23.Qa4 e4
24.Be2 Nb8 25.c5 Qxd5 26.Red1 Qe6 27.cxd6 cxd6 28.Rac1 Bd7 29.Qa1 Qe7 30.b5
Be6 31.Ba3 Qf6 32.Qxf6 Rxf6 33.Rxd6 Nd7 34.Bb2 Rg6 35.Rc7 Nc5 36.Bh5 {#r} 1-0

[Event "Ch Europe (team)"]
[Site "masterchessopen.com Leon (Spain)"]
[Round "9"]
[White "Norri Joose (FIN)"]
[Black "Gashimov Vugar (AZE)"]
[Result "1-0"]
[WhiteElo "2418"]
[BlackElo "2442"]

1.d4 Nf6 2.c4 e6 3.Nc3 Bb4 4.e3 b6 5.Ne2 Bb7 6.a3 Be7 7.d5 d6 8.Ng3 O-O 9.Be2
Re8 10.O-O Bf8 11.e4 e5 12.Be3 g6 13.Qd2 Nbd7 14.b4 h5 15.Bg5 Be7 16.f4 exf4
17.Qxf4 Kh8 18.Bxh5 Nxh5 19.Bxe7 Rxe7 20.Nxh5 gxh5 21.Qh6+ Kg8 22.Qg5+ Kf8
23.Qxh5 Ke8 24.e5 Qc8 25.e6 Kd8 26.Rxf7 Rxf7 27.Qxf7 c6 28.Re1 Kc7 29.exd7 Qd8
30.Re8 {#r} 1-0

[Event "It (open) \"]
[Site "masterchessopen.com Lisbon (Portugal)"]
[Round "9"]
[White "Estremera Panos Sergio (ESP)"]
[Black "Nogueira Nelson (POR)"]
[Result "0-1"]
[WhiteElo "2398"]
[BlackElo "2276"]

1.d4 Nf6 2.c4 e6 3.Nc3 Bb4 4.e3 b6 5.Ne2 Bb7 6.a3 Bxc3+ 7.Nxc3 d5 8.cxd5 Nxd5
9.Bd3 O-O 10.O-O Nd7 11.e4 Nxc3 12.bxc3 c5 13.Qe2 e5 14.d5 f5 15.c4 f4 16.f3
Qf6 17.a4 a5 18.g3 g5 19.Qg2 Kh8 20.Bb2 Rf7 21.Qh3 Re8 22.Qg4 Qh6 23.gxf4 gxf4
24.Kh1 Nf6 25.Qg2 Nh5 26.h3 Rg7 27.Qf2 Ng3+ 28.Kh2 Bc8 29.Qg2 Nxf1+ {#R} 0-1

[Event "Ch Argentina (juniors) (under 16) (g)"]
[Site "masterchessopen.com Santa Fe (Argentina)"]
[Round "4"]
[White "Meza Anahi (ARG)"]
[Black "Rolles Maria Julia (ARG)"]
[Result "1-0"]
[WhiteElo "2160"]
[BlackElo "2143"]

1.d4 Nf6 2.c4 e6 3.Nc3 Bb4 4.e3 b6 5.Ne2 Bb7 6.a3 Bxc3+ 7.Nxc3 O-O 8.f3 Nh5
9.Qc2 f5 10.Qf2 d6 11.b3 Nd7 12.Be2 Nhf6 13.O-O Qe7 14.Bb2 h6 15.Bd3 Nh7
16.Qe2 e5 17.Qc2 e4 18.fxe4 fxe4 19.Nxe4 Ng5 20.d5 Rae8 21.Ng3 Qxe3+ 22.Kh1
Ne5 23.Bf5 b5 24.Rad1 Qb6 25.Bxe5 dxe5 26.h4 Nf7 27.Bh7+ Kh8 28.Bg6 Re7 29.c5
Qa6 30.c6 Bc8 31.Qc5 {#r} 1-0

[Event "Ch Great Britain"]
[Site "masterchessopen.com Scarborough (England)"]
[Round "7"]
[White "Burnett Jim (ENG)"]
[Black "Broomfield Matthew (ENG)"]
[Result "0-1"]
[WhiteElo "2218"]
[BlackElo "2230"]

1.d4 Nf6 2.c4 e6 3.Nc3 Bb4 4.e3 b6 5.Ne2 Ne4 6.Qc2 Bb7 7.a3 Bxc3+ 8.Nxc3 Nxc3
9.Qxc3 f5 10.b3 Qe7 11.Bb2 d6 12.O-O-O Nd7 13.f3 e5 14.d5 O-O 15.Kb1 a5 16.Bd3
Kh8 17.Bc2 Rae8 18.Rhf1 Nf6 19.h3 Bc8 20.g4 Ng8 21.Qe1 Bd7 22.Qg3 Nh6 23.Rde1
b5 24.Rg1 a4 25.g5 Ng8 26.f4 axb3 27.Bxb3 bxc4 28.Bxc4 Rb8 29.Ka2 Bb5 30.Bb3
e4 31.Qf2 Bd3 32.Rc1 c5 33.Bc4 Qb7 34.Qd2 Bxc4+ 35.Rxc4 Qb3+ {#R} 0-1

[Event "Ch Spain (team) (2 div)"]
[Site "masterchessopen.com Spain"]
[Round "2"]
[White "Ruiz Agustin (ESP)"]
[Black "Quinonero Simon Jose (ESP)"]
[Result "1-0"]
[WhiteElo "2165"]
[BlackElo "2172"]

1.d4 Nf6 2.c4 e6 3.Nc3 Bb4 4.e3 b6 5.Ne2 Bb7 6.a3 Bxc3+ 7.Nxc3 d6 8.Bd3 Nbd7
9.e4 c5 10.d5 Ne5 11.Be2 exd5 12.cxd5 O-O 13.f4 Ng6 14.O-O a6 15.b4 Re8
16.bxc5 bxc5 17.Rb1 Rb8 18.Qa4 Qe7 19.Bd3 h5 20.Bd2 Ng4 21.h3 Nf6 22.Rfe1 h4
23.e5 dxe5 24.Bxg6 fxg6 25.Rxe5 Qf7 26.d6 Nd7 27.Rxe8+ Qxe8 28.Re1 Qc8 29.f5
c4 30.fxg6 Qc6 31.Qxc6 Bxc6 32.Bg5 {#r} 1-0

[Event "It (open)"]
[Site "masterchessopen.com Ubeda (Spain)"]
[Round "8"]
[White "Avrukh Boris (ISR)"]
[Black "Vovsha Eli (ISR)"]
[Result "1-0"]
[WhiteElo "2606"]
[BlackElo "2381"]

1.d4 Nf6 2.c4 e6 3.Nc3 Bb4 4.e3 b6 5.Ne2 Ne4 6.Bd2 Nxd2 7.Qxd2 Bb7 8.d5 exd5
9.cxd5 O-O 10.g3 a5 11.Bg2 Na6 12.O-O c6 13.Rfd1 Qf6 14.Qc2 Rac8 15.Rac1 Bxc3
16.Qxc3 Qxc3 17.Nxc3 Nc5 18.Rd4 Ba6 19.Rcd1 b5 20.dxc6 dxc6 21.a3 Rc7 22.Rd6
Bb7 23.Ne2 Ne6 24.Rd7 Rxd7 25.Rxd7 Rb8 26.Nd4 Nc5 27.Rd6 g6 28.Nxc6 Bxc6
29.Rxc6 Nd3 30.b3 Rd8 31.Kf1 a4 32.bxa4 bxa4 33.Ke2 Ne5 34.Rc5 f6 35.f4 {#r}
1-0

[Event "Ch Catalunia"]
[Site "masterchessopen.com Barcelona (Spain)"]
[Date "2001.04.12"]
[Round "5"]
[White "Gual Pascual Antonio (ESP)"]
[Black "Ayas Fernandez Antonio (ESP)"]
[Result "1-0"]
[WhiteElo "2414"]
[BlackElo "2265"]

1.d4 Nf6 2.c4 e6 3.Nc3 Bb4 4.e3 b6 5.Ne2 Ne4 6.Qc2 Bb7 7.a3 Bxc3+ 8.Nxc3 Nxc3
9.Qxc3 O-O 10.b3 d5 11.Bb2 a5 12.Rd1 Nd7 13.Be2 Nf6 14.O-O Ne4 15.Qc2 Qg5
16.Bd3 f5 17.c5 Ba6 18.Bxa6 Rxa6 19.Qd3 Raa8 20.f3 Nf6 21.Rc1 Rfc8 22.Rc3 Nd7
23.cxb6 cxb6 24.Rfc1 Qd8 25.a4 Rxc3 26.Qxc3 Ra7 27.Ba3 Kf7 28.Bd6 Rb7 29.Qc6
Qa8 30.h3 Ra7 31.Qb5 Qd8 32.Rc6 Qa8 33.Bc7 Rb7 34.Bd6 Qe8 35.Qa6 {#r} 1-0

[Event "It (open)"]
[Site "masterchessopen.com Backa Palanka (Yugoslavia)"]
[Round "1"]
[White "Lajthajm Borko (SRB)"]
[Black "Vujosevic Dimitrije (SRB)"]
[Result "1-0"]
[WhiteElo "2433"]
[BlackElo "2142"]

1.d4 Nf6 2.c4 e6 3.Nc3 Bb4 4.e3 b6 5.Ne2 Bb7 6.a3 Be7 7.Nf4 d6 8.b3 Nbd7 9.Bb2
c5 10.d5 e5 11.Nfe2 Nf8 12.Ng3 Bc8 13.Bd3 h5 14.h4 Ng4 15.Nf5 Bf6 16.Nb5 Bxf5
17.Bxf5 a6 18.Nc3 Nh6 19.Bh3 Bxh4 20.g3 Be7 21.Qxh5 g6 22.Qf3 f5 23.e4 Qd7
24.O-O-O b5 25.exf5 gxf5 26.Bxf5 Qb7 27.Bd3 b4 28.axb4 Qxb4 29.Bc2 a5 30.Nb5
Rb8 31.Bc3 Rxb5 32.Bxb4 Rxb4 33.Kb2 a4 34.Ra1 axb3 35.Ra8+ Kd7 36.Bf5+ Kc7
37.Rha1 Rb7 38.Rc8+ {#r} 1-0

[Event "Tournament (Elo) (b)"]
[Site "masterchessopen.com Budapest (Hungary)"]
[Round "5"]
[White "Koczo Kristof (HUN)"]
[Black "Leks Hanna (POL)"]
[Result "0-1"]
[WhiteElo "2081"]
[BlackElo "2060"]

1.d4 Nf6 2.c4 e6 3.Nc3 Bb4 4.e3 b6 5.Ne2 Bb7 6.a3 Bxc3+ 7.Nxc3 d6 8.d5 O-O
9.Be2 e5 10.f4 Nbd7 11.O-O Qe7 12.Qc2 Rfe8 13.Bf3 h6 14.b4 a5 15.Rb1 axb4
16.axb4 Ba6 17.Be2 exf4 18.exf4 Nxd5 19.Nxd5 Qxe2 20.Qxe2 Rxe2 21.Nxc7 Bb7
22.Rb2 Rxb2 23.Bxb2 Rc8 24.Nb5 Rxc4 25.Nxd6 Rxb4 26.Bxg7 Bxg2 27.Rf2 Bh3
28.Bb2 Rb3 29.Nc4 b5 30.Ne5 Nxe5 31.fxe5 {#R} 0-1

[Event "It \"]
[Site "masterchessopen.com Buenos Aires (Argentina)"]
[Round "3"]
[White "Liascovich Lucas (ARG)"]
[Black "Ferrara Alexis (ARG)"]
[Result "1-0"]
[WhiteElo "2308"]
[BlackElo "2221"]

1.d4 Nf6 2.c4 e6 3.Nc3 Bb4 4.e3 b6 5.Ne2 Ne4 6.Qc2 Bb7 7.a3 Bxc3+ 8.Nxc3 Nxc3
9.Qxc3 O-O 10.b4 d6 11.Bb2 f5 12.O-O-O a5 13.b5 Qe7 14.c5 dxc5 15.dxc5 c6
16.Rd6 cxb5 17.Rxe6 Qxc5 18.Qxc5 bxc5 19.Bxb5 Ba6 20.Ba4 Ra7 21.Rd1 c4 22.Be5
Kf7 23.Rb6 Ra8 24.f4 Rc8 25.Bd7 Nxd7 26.Rxd7+ Kf8 27.Rdd6 {#r} 1-0

[Event "It (open) \"]
[Site "masterchessopen.com Buenos Aires (Argentina)"]
[Round "2"]
[White "Wisniacki Flavio (ARG)"]
[Black "Gimenez Dante (ARG)"]
[Result "1-0"]
[WhiteElo "2036"]
[BlackElo "2130"]

1.d4 Nf6 2.c4 e6 3.Nc3 Bb4 4.e3 b6 5.Ne2 Bb7 6.f3 O-O 7.a3 Bxc3+ 8.Nxc3 Nh5
9.Bd3 Qh4+ 10.Kd2 Nc6 11.g3 Qg5 12.Kc2 f5 13.d5 Ne7 14.e4 Qf6 15.f4 g6 16.b3
fxe4 17.Bxe4 Nf5 18.Qd3 Nd4+ 19.Kb2 e5 20.Ka2 c5 21.dxc6 dxc6 22.Bb2 Rad8
23.Ne2 Nf5 24.Qc2 Nd4 25.Qd1 Qe7 26.Re1 Nf3 27.Bxf3 Rxd1 28.Raxd1 c5 29.Bxh5
gxh5 30.Nc3 Bf3 31.Rd3 Qb7 32.Rxe5 h6 33.Nd5 Bxd5 34.Rexd5 h4 35.Rd7 {#r} 1-0

[Event "It (open) \"]
[Site "masterchessopen.com Copenhagen (Denmark)"]
[Round "3"]
[White "Zucchelli Massimo (ITA)"]
[Black "Ward Christopher (ENG)"]
[Result "0-1"]
[WhiteElo "2193"]
[BlackElo "2513"]

1.d4 Nf6 2.c4 e6 3.Nc3 Bb4 4.e3 b6 5.Ne2 Ne4 6.Bd2 Nxd2 7.Qxd2 O-O 8.a3 Be7
9.Nf4 d6 10.Bd3 c6 11.Qc2 f5 12.O-O-O Qe8 13.f3 e5 14.Nfe2 Bg5 15.f4 Bh6 16.g4
exf4 17.exf4 fxg4 18.Bxh7+ Kh8 19.Bg6 Qe7 20.Kb1 Na6 21.Qd3 Nc7 22.Rhf1 d5
23.f5 Ba6 24.Qg3 Bxc4 25.Qxg4 Nb5 26.Rfe1 Nxa3+ 27.bxa3 Qxa3 28.Qg3 b5 29.Nc1
b4 30.N3a2 b3 31.Nc3 Kg8 32.Nd3 b2 33.Nxb2 Rab8 34.Bf7+ Kxf7 {#R} 0-1

[Event "Tournament"]
[Site "masterchessopen.com Espoo (Finland)"]
[Round "3"]
[White "Hurme Harri M (FIN)"]
[Black "Tuovinen Jukka (FIN)"]
[Result "1-0"]
[WhiteElo "2269"]
[BlackElo "2073"]

1.d4 Nf6 2.c4 e6 3.Nc3 Bb4 4.e3 b6 5.Ne2 Ne4 6.Bd2 Nxd2 7.Qxd2 Bb7 8.a3 Bxc3
9.Nxc3 O-O 10.d5 d6 11.Bd3 Nd7 12.O-O Qh4 13.g3 Qh6 14.f4 Nf6 15.Be2 exd5
16.cxd5 Rfe8 17.Bf3 Re7 18.Rfe1 Rae8 19.Rac1 a6 20.Nd1 Qg6 21.Nf2 Nh5 22.e4 f5
23.exf5 Qxf5 24.Bg4 Qg6 25.Be6+ Rxe6 26.Rxe6 Rxe6 27.dxe6 Nxg3 28.hxg3 Qxg3+
29.Kf1 a5 30.Qd3 Qxf4 31.Rxc7 {#r} 1-0

[Event "Ch Finistere 2001/02"]
[Site "masterchessopen.com France"]
[Round "5"]
[White "Conner Michel (FRA)"]
[Black "Le Goff Damien (FRA)"]
[Result "0-1"]
[WhiteElo "1849"]
[BlackElo "1959"]

1.d4 Nf6 2.c4 e6 3.Nc3 Bb4 4.e3 b6 5.Ne2 Ne4 6.Bd2 Nxd2 7.Qxd2 Bb7 8.a3 Be7
9.e4 O-O 10.g3 d6 11.Bg2 Nd7 12.O-O e5 13.d5 a5 14.b4 Ba6 15.Qd3 Bc8 16.Bh3
Nc5 17.bxc5 Bxh3 18.cxd6 Bxd6 19.Rfe1 Qe7 20.Nd1 f5 21.exf5 e4 22.Qb3 Bc5
23.Ne3 Bxf5 24.Nxf5 Rxf5 25.Rf1 Raf8 26.Nf4 g5 27.Ne6 Rxf2 {#R} 0-1

[Event "Ch France (team) (2) 2002/03"]
[Site "masterchessopen.com France"]
[Round "1"]
[White "Bianchi Guillaume (FRA)"]
[Black "Flament Francois (FRA)"]
[Result "1-0"]
[WhiteElo "2202"]
[BlackElo "2139"]

1.d4 Nf6 2.c4 e6 3.Nc3 Bb4 4.e3 b6 5.Ne2 Ne4 6.Qc2 Bb7 7.a3 Bxc3+ 8.Nxc3 Nxc3
9.Qxc3 O-O 10.b3 d6 11.Bb2 Nd7 12.d5 e5 13.Bd3 Qe7 14.Qc2 h6 15.O-O Rfe8
16.Qc3 c6 17.dxc6 Bxc6 18.f4 Nc5 19.Rad1 Qb7 20.Rf2 Be4 21.Be2 Bc6 22.Bf3 Bxf3
23.gxf3 Qe7 24.Rg2 f6 25.f5 e4 26.Qxf6 Qxf6 27.Bxf6 Kf7 28.Bc3 exf3 29.Rxg7+
Kf8 30.Rh7 Rad8 31.Rxh6 Rxe3 32.Rh8+ Ke7 33.f6+ Kd7 34.Rxd8+ Kxd8 35.Rxd6+ Kc7
36.f7 {#r} 1-0

[Event "Ch France (team) (2) 2002/03"]
[Site "masterchessopen.com France"]
[Round "3"]
[White "Mancini Mario (FRA)"]
[Black "Cossin Sebastien (FRA)"]
[Result "1-0"]
[WhiteElo "2246"]
[BlackElo "2271"]

1.d4 Nf6 2.c4 e6 3.Nc3 Bb4 4.e3 b6 5.Ne2 Ne4 6.Qc2 Bb7 7.a3 Bxc3+ 8.Nxc3 Nxc3
9.Qxc3 O-O 10.b4 d6 11.Bb2 a5 12.d5 e5 13.Be2 Nd7 14.O-O f5 15.f4 Qf6 16.Bf3
e4 17.Qd2 Qf7 18.Be2 axb4 19.axb4 b5 20.c5 dxc5 21.Bxb5 Rfd8 22.d6 cxd6
23.Qxd6 Nf8 24.Qxc5 Rac8 25.Qb6 Rd2 26.Bc1 Rdc2 27.Ba4 Qh5 28.Bb3+ Kh8 29.Bxc2
Rxc2 30.Qd6 h6 31.Qd1 Qxd1 32.Rxd1 {#r} 1-0

[Event "It (open)"]
[Site "masterchessopen.com Hoogeveen (Netherlands)"]
[Round "9"]
[White "Van Der Stricht Geert (BEL)"]
[Black "Dogge Marc (NED)"]
[Result "1-0"]
[WhiteElo "2397"]
[BlackElo "2176"]

1.d4 Nf6 2.c4 e6 3.Nc3 Bb4 4.e3 b6 5.Ne2 Bb7 6.a3 Be7 7.d5 h5 8.e4 e5 9.Ng3 g6
10.Bd3 a5 11.f4 d6 12.fxe5 dxe5 13.Bc2 Nbd7 14.Ba4 h4 15.Nf1 Kf8 16.Bxd7 Qxd7
17.Bg5 Nh5 18.Be3 Kg7 19.Qf3 f5 20.Nd2 f4 21.Bf2 g5 22.h3 Ng3 23.Rg1 Ba6
24.O-O-O b5 25.cxb5 Bxb5 26.Bxg3 hxg3 27.Nxb5 Qxb5 28.Qc3 c6 29.d6 Bxd6 30.Nc4
Be7 31.Rd7 Kf6 32.Rgd1 Rhd8 33.Nd6 Bxd6 34.R1xd6# 1-0

[Event "Ch Yugoslavia (w)"]
[Site "masterchessopen.com Kotor (Yugoslavia)"]
[Round "5"]
[White "Maksimovic Suzana (SRB)"]
[Black "Vranesevic Danica (SRB)"]
[Result "1-0"]
[WhiteElo "2289"]
[BlackElo "2061"]

1.d4 Nf6 2.c4 e6 3.Nc3 Bb4 4.e3 b6 5.Ne2 Bb7 6.a3 Bxc3+ 7.Nxc3 O-O 8.d5 d6
9.Be2 Qe7 10.O-O c5 11.e4 Nbd7 12.Re1 a6 13.Bf1 Rfe8 14.Bg5 h6 15.Be3 Qf8
16.h3 exd5 17.exd5 Re7 18.b4 Rc8 19.Qb3 Ba8 20.bxc5 bxc5 21.Qa4 Nb8 22.Rab1
Qd8 23.Bf4 Rxe1 24.Rxe1 Qc7 25.Bd3 Kf8 26.Bf5 Re8 27.Rxe8+ Nxe8 28.Ne4 Qb6
29.Kh2 Bb7 30.Bd7 Nxd7 31.Qxd7 Qb2 32.Bxd6+ Nxd6 33.Nxd6 {#r} 1-0

[Event "It (open)"]
[Site "masterchessopen.com Oberwart (Austria)"]
[Round "8"]
[White "Othman A Moussa (UAE)"]
[Black "Loginov Valery A (RUS)"]
[Result "0-1"]
[WhiteElo "2352"]
[BlackElo "2532"]

1.d4 Nf6 2.c4 e6 3.Nc3 Bb4 4.e3 b6 5.Ne2 Bb7 6.a3 Bxc3+ 7.Nxc3 O-O 8.Bd3 d5
9.O-O Nbd7 10.b4 Qe7 11.Bb2 Rfd8 12.Qe2 c5 13.bxc5 dxc4 14.Bxc4 bxc5 15.a4
cxd4 16.Ba3 Qe8 17.exd4 Nb6 18.Bb5 Bc6 19.Rfc1 Bxb5 20.Nxb5 Nbd5 21.Bc5 a6
22.Nd6 Qc6 23.Ne4 Nxe4 24.Qxe4 Rd7 25.a5 Rb7 26.Bb6 Qd7 27.g3 h6 28.Rc5 Rf8
29.Rb1 Rfb8 30.Rbc1 Nxb6 31.axb6 Rxb6 32.Rc7 Qe8 33.Ra7 Rc8 34.Ra1 Qc6 35.Qf4
Rf8 36.Rc1 Qd5 37.h4 Rc6 38.Rb1 Rc2 39.Kh2 Qa2 {#R} 0-1

[Event "It (cat.3)"]
[Site "masterchessopen.com Swansea (Wales)"]
[Round "2"]
[White "Levitt Jonathan (ENG)"]
[Black "Rayner Francis (WLS)"]
[Result "1-0"]
[WhiteElo "2419"]
[BlackElo "2221"]

1.d4 Nf6 2.c4 e6 3.Nc3 Bb4 4.e3 b6 5.Ne2 Ne4 6.f3 Nxc3 7.bxc3 Be7 8.e4 Ba6
9.Ng3 h5 10.Bd3 h4 11.Nf1 Nc6 12.Be3 Na5 13.Qe2 d6 14.Nd2 Qd7 15.a4 c5 16.O-O
Rc8 17.f4 f5 18.d5 g6 19.Rfe1 Rc7 20.Bf2 Kd8 21.e5 Bc8 22.Nf3 exd5 23.cxd5
dxe5 24.Bb5 {#r} 1-0